| 000 | 01399cam a2200313 a 4500 | ||
|---|---|---|---|
| 999 |
_c328608 _d328608 |
||
| 001 | 13998018 | ||
| 003 | Nust | ||
| 005 | 20170412133946.0 | ||
| 008 | 050609s2005 nyu d 000 1 eng | ||
| 010 | _a 2005015856 | ||
| 020 | _a9780755339976 | ||
| 040 |
_aDLC _cDLC _dDLC |
||
| 042 | _alcac | ||
| 050 | 0 | 0 |
_aPZ7.V94 _bIt 2005 |
| 082 | 0 | 0 |
_a823 _bZIE |
| 100 | 1 | _aVon Ziegesar, Cecily | |
| 245 | 1 | 4 |
_aThe It Girl / _ccreated by Cecily von Ziegesar. |
| 250 | _a1st ed. | ||
| 260 |
_aNew York : _bLittle, Brown, _c2005. |
||
| 300 |
_a278 p. ; _c21 cm. |
||
| 520 | _aHaving left her elite Manhattan private school to attend an equally exclusive New York State boarding school, sophomore Jenny Humphrey sets out to become the most alluring girl on campus. | ||
| 650 | 1 |
_aInterpersonal relations _vFiction. |
|
| 650 | 1 |
_aBoarding schools _vFiction. |
|
| 650 | 1 |
_aWealth _vFiction. |
|
| 650 | 1 |
_aSchools _vFiction. |
|
| 651 | 1 |
_aNew York (State) _vFiction. |
|
| 856 | 4 | 2 |
_3Contributor biographical information _uhttp://www.loc.gov/catdir/enhancements/fy0742/2005015856-b.html |
| 906 |
_a7 _bcbc _corignew _d1 _eecip _f20 _gy-gencatlg |
||
| 942 |
_2ddc _cBK |
||